MARC details
| 000 -LEADER |
| fixed length control field |
04567nam a22007815i 4500 |
| 005 - DATE AND TIME OF LATEST TRANSACTION |
| control field |
20230718140323.0 |
| 006 - FIXED-LENGTH DATA ELEMENTS--ADDITIONAL MATERIAL CHARACTERISTICS |
| fixed length control field |
m|||||o||d|||||||| |
| 007 - PHYSICAL DESCRIPTION FIXED FIELD--GENERAL INFORMATION |
| fixed length control field |
cr || |||||||| |
| 008 - FIXED-LENGTH DATA ELEMENTS--GENERAL INFORMATION |
| fixed length control field |
221201t20222022gw fo d z eng d |
| 020 ## - INTERNATIONAL STANDARD BOOK NUMBER |
| International Standard Book Number |
9783839458877 |
| 040 ## - CATALOGING SOURCE |
| Original cataloging agency |
DE-B1597 |
| Language of cataloging |
eng |
| Transcribing agency |
DE-B1597 |
| Description conventions |
rda |
| 041 0# - LANGUAGE CODE |
| Language code of text/sound track or separate title |
eng |
| 050 #4 - LIBRARY OF CONGRESS CALL NUMBER |
| Classification number |
HM821 |
| 082 04 - DEWEY DECIMAL CLASSIFICATION NUMBER |
| Classification number |
305.09 |
| Edition number |
23/eng/20220504 |
| 245 00 - TITLE STATEMENT |
| Title |
Imagining Unequals, Imagining Equals : |
| Remainder of title |
Concepts of Equality in History and Law / |
| Statement of responsibility, etc. |
ed. by Antje Flüchter, Ulrike Davy. |
| 264 #1 - PRODUCTION, PUBLICATION, DISTRIBUTION, MANUFACTURE, AND COPYRIGHT NOTICE |
| Place of production, publication, distribution, manufacture |
Bielefeld : |
| Name of producer, publisher, distributor, manufacturer |
Bielefeld University Press, |
| Date of production, publication, distribution, manufacture, or copyright notice |
[2022] |
| 264 #4 - PRODUCTION, PUBLICATION, DISTRIBUTION, MANUFACTURE, AND COPYRIGHT NOTICE |
| Date of production, publication, distribution, manufacture, or copyright notice |
©2022 |
| 300 ## - PHYSICAL DESCRIPTION |
| Extent |
1 online resource (258 p.) |
| 336 ## - CONTENT TYPE |
| Content type term |
text |
| Content type code |
txt |
| Source |
rdacontent |
| 337 ## - MEDIA TYPE |
| Media type term |
computer |
| Media type code |
c |
| Source |
rdamedia |
| 338 ## - CARRIER TYPE |
| Carrier type term |
online resource |
| Carrier type code |
cr |
| Source |
rdacarrier |
| 347 ## - DIGITAL FILE CHARACTERISTICS |
| File type |
text file |
| Encoding format |
PDF |
| Source |
rda |
| 505 00 - FORMATTED CONTENTS NOTE |
| Title |
Frontmatter -- |
| -- |
Contents -- |
| -- |
Acknowledgments -- |
| -- |
Concepts of Equality: Why, Who, What for? -- |
| -- |
Hierarchy as Order-Equality as Chaos? -- |
| -- |
Envisioning Equality in the French Revolution -- |
| -- |
"A Deep, Horizontal Comradeship?" -- |
| -- |
Minority Protection under the League of Nations: Universal and Particular Equality -- |
| -- |
Equality through the Lens of Racial Discrimination -- |
| -- |
India, the UN and Caste as a Form of Racial Discrimination: Resolving the Dispute -- |
| -- |
Equality under the Indian Constitution -- |
| -- |
Authors and Editors |
| 506 0# - RESTRICTIONS ON ACCESS NOTE |
| Standardized terminology for access restriction |
unrestricted online access |
| Source of term |
star |
| 520 ## - SUMMARY, ETC. |
| Summary, etc. |
Why did »equality« become prominent in European societies based on hierarchy during the Enlightenment? What does »equality« imply for societies, politics or legal systems? The contributors explore concepts of equality from the perspectives of history and law and draw on the idea that practices of comparing were essential when it came to imagining others as equal, fighting discrimination, or scandalising social inequalities. Among others, Lynn Hunt, Helmut Walser Smith and David Keane investigate visionary practices in revolutionary France, the collection of data on the poor in 19th-century Germany, the claims raised under the minority regime of the League of Nations, and the anti-discrimination politics of the United Nations and India. |
| 536 ## - FUNDING INFORMATION NOTE |
| Text of note |
funded by SFB 1288 |
| 538 ## - SYSTEM DETAILS NOTE |
| System details note |
Mode of access: Internet via World Wide Web. |
| 540 ## - TERMS GOVERNING USE AND REPRODUCTION NOTE |
| Terms governing use and reproduction |
This eBook is made available Open Access under a CC BY-NC-ND 4.0 license: |
| Uniform Resource Identifier |
<a href="https://creativecommons.org/licenses/by-nc-nd/4.0 ">https://creativecommons.org/licenses/by-nc-nd/4.0 </a> |
| -- |
<a href="https://www.degruyter.com/dg/page/open-access-policy">https://www.degruyter.com/dg/page/open-access-policy</a> |
| 546 ## - LANGUAGE NOTE |
| Language note |
In English. |
| 588 0# - SOURCE OF DESCRIPTION NOTE |
| Source of description note |
Description based on online resource; title from PDF title page (publisher's Web site, viewed 01. Dez 2022) |
| 650 #0 - SUBJECT ADDED ENTRY--TOPICAL TERM |
| Topical term or geographic name entry element |
Equality |
| General subdivision |
History. |
| 650 #4 - SUBJECT ADDED ENTRY--TOPICAL TERM |
| Topical term or geographic name entry element |
Bielefeld University Press. |
| 650 #4 - SUBJECT ADDED ENTRY--TOPICAL TERM |
| Topical term or geographic name entry element |
Comparison. |
| 650 #4 - SUBJECT ADDED ENTRY--TOPICAL TERM |
| Topical term or geographic name entry element |
Cultural History. |
| 650 #4 - SUBJECT ADDED ENTRY--TOPICAL TERM |
| Topical term or geographic name entry element |
Discrimination. |
| 650 #4 - SUBJECT ADDED ENTRY--TOPICAL TERM |
| Topical term or geographic name entry element |
Equality. |
| 650 #4 - SUBJECT ADDED ENTRY--TOPICAL TERM |
| Topical term or geographic name entry element |
Ethics. |
| 650 #4 - SUBJECT ADDED ENTRY--TOPICAL TERM |
| Topical term or geographic name entry element |
Global History. |
| 650 #4 - SUBJECT ADDED ENTRY--TOPICAL TERM |
| Topical term or geographic name entry element |
India. |
| 650 #4 - SUBJECT ADDED ENTRY--TOPICAL TERM |
| Topical term or geographic name entry element |
Law. |
| 650 #4 - SUBJECT ADDED ENTRY--TOPICAL TERM |
| Topical term or geographic name entry element |
Sociology of Law. |
| 650 #7 - SUBJECT ADDED ENTRY--TOPICAL TERM |
| Topical term or geographic name entry element |
HISTORY / World. |
| Source of heading or term |
bisacsh |
| 653 ## - INDEX TERM--UNCONTROLLED |
| Uncontrolled term |
Bielefeld University Press. |
| 653 ## - INDEX TERM--UNCONTROLLED |
| Uncontrolled term |
Comparison. |
| 653 ## - INDEX TERM--UNCONTROLLED |
| Uncontrolled term |
Cultural History. |
| 653 ## - INDEX TERM--UNCONTROLLED |
| Uncontrolled term |
Discrimination. |
| 653 ## - INDEX TERM--UNCONTROLLED |
| Uncontrolled term |
Equality. |
| 653 ## - INDEX TERM--UNCONTROLLED |
| Uncontrolled term |
Ethics. |
| 653 ## - INDEX TERM--UNCONTROLLED |
| Uncontrolled term |
Global History. |
| 653 ## - INDEX TERM--UNCONTROLLED |
| Uncontrolled term |
India. |
| 653 ## - INDEX TERM--UNCONTROLLED |
| Uncontrolled term |
Law. |
| 653 ## - INDEX TERM--UNCONTROLLED |
| Uncontrolled term |
Sociology of Law. |
| 700 1# - ADDED ENTRY--PERSONAL NAME |
| Personal name |
Bhatia, Gautam, |
| Relator term |
contributor. |
| Relator code |
ctb |
| -- |
https://id.loc.gov/vocabulary/relators/ctb |
| 700 1# - ADDED ENTRY--PERSONAL NAME |
| Personal name |
Davy, Ulrike, |
| Relator term |
contributor. |
| Relator code |
ctb |
| -- |
https://id.loc.gov/vocabulary/relators/ctb |
| 700 1# - ADDED ENTRY--PERSONAL NAME |
| Personal name |
Davy, Ulrike, |
| Relator term |
editor. |
| Relator code |
edt |
| -- |
http://id.loc.gov/vocabulary/relators/edt |
| 700 1# - ADDED ENTRY--PERSONAL NAME |
| Personal name |
Flüchter, Antje, |
| Relator term |
contributor. |
| Relator code |
ctb |
| -- |
https://id.loc.gov/vocabulary/relators/ctb |
| 700 1# - ADDED ENTRY--PERSONAL NAME |
| Personal name |
Flüchter, Antje, |
| Relator term |
editor. |
| Relator code |
edt |
| -- |
http://id.loc.gov/vocabulary/relators/edt |
| 700 1# - ADDED ENTRY--PERSONAL NAME |
| Personal name |
Hunt, Lynn, |
| Relator term |
contributor. |
| Relator code |
ctb |
| -- |
https://id.loc.gov/vocabulary/relators/ctb |
| 700 1# - ADDED ENTRY--PERSONAL NAME |
| Personal name |
Keane, David, |
| Relator term |
contributor. |
| Relator code |
ctb |
| -- |
https://id.loc.gov/vocabulary/relators/ctb |
| 700 1# - ADDED ENTRY--PERSONAL NAME |
| Personal name |
Mansouri, Malika, |
| Relator term |
contributor. |
| Relator code |
ctb |
| -- |
https://id.loc.gov/vocabulary/relators/ctb |
| 700 1# - ADDED ENTRY--PERSONAL NAME |
| Personal name |
Walser Smith, Helmut, |
| Relator term |
contributor. |
| Relator code |
ctb |
| -- |
https://id.loc.gov/vocabulary/relators/ctb |
| 710 2# - ADDED ENTRY--CORPORATE NAME |
| Corporate name or jurisdiction name as entry element |
SFB 1288 |
| Relator term |
funder. |
| Relator code |
fnd |
| -- |
http://id.loc.gov/vocabulary/relators/fnd |
| 776 0# - ADDITIONAL PHYSICAL FORM ENTRY |
| Qualifying information |
print |
| International Standard Book Number |
9783837658873 |
| 856 40 - ELECTRONIC LOCATION AND ACCESS |
| Uniform Resource Identifier |
<a href="https://doi.org/10.1515/9783839458877?locatt=mode:legacy">https://doi.org/10.1515/9783839458877?locatt=mode:legacy</a> |
| Public note |
Open Access |
| -- |
0 |
| 856 40 - ELECTRONIC LOCATION AND ACCESS |
| Uniform Resource Identifier |
<a href="https://www.degruyter.com/isbn/9783839458877">https://www.degruyter.com/isbn/9783839458877</a> |
| Public note |
Open Access |
| -- |
0 |
| 856 42 - ELECTRONIC LOCATION AND ACCESS |
| Materials specified |
Cover |
| Uniform Resource Identifier |
<a href="https://www.degruyter.com/document/cover/isbn/9783839458877/original">https://www.degruyter.com/document/cover/isbn/9783839458877/original</a> |
| 942 ## - ADDED ENTRY ELEMENTS (KOHA) |
| Koha item type |
E-Book |